000 02103nam0a22005651 4500
001 RU\NLR\A1SV\373
005 20251203171251.9
035 _a(NLR Aleph) 009686471
090 _a9720388
_c9720388
100 _a19980128d1920 u y0rusy50 ca
101 0 _arus
102 _aRU
200 1 _aАгитпарпоезда ВЦИК
_eИх история, аппарат, методы и формы работы
_eСб. ст.
_fПод ред. [и с предисл.] В.Карпинского
_gОтд. агитинструкт. поездов и пароходов ВЦИК советов
210 _aМ.
_cГос. изд.
_d1920
215 _a66, [2] с.
_d27 см
327 0 _aАвт.: Я.Буров, В.Карпинский, А.Оборин, М.Буравцев, Р.Арский, К.Самойлова, Израйлович, В.Конянский, Б.Брук
620 _dМосква
702 1 _aКарпинский
_bВ.А.
_f1880-1965
_gВячеслав Алексеевич
702 1 _6z01790
_aБуров
_bЯ.
_f1881-
702 1 _aОборин
_bА.П.
_gАлександр Павлович
702 1 _aБуравцев
_bМ.
702 1 _aАрский
_bР.
_f1886-1934
702 1 _aСамойлова
_bК.Н.
_f1876-1921
_gКонкордия Николаевна
702 1 _aИзрайлович
702 1 _aКонянский
_bВ.
702 1 _aБрук
_bБ.Л.
_f1885-после 1979
_gБорис Львович
790 1 _6z01702
_aБурштейн
_bЯ.И.
_gЯков Иосифович
801 0 _aRU
_bNLR
_c19980128
852 _aNLR
_j97/125
852 _aNLR
_jМф К-1/10560
899 _aРГБ
899 _aГОПБ
899 _aКремл. б-ка
899 _aГАРФ
899 _aКирОУНБ
899 _aРКП
899 _aМГУ
899 _aСОУНБ
899 _aНБЛ КГУ
899 _aНБ Бел.
899 _aЗНБ СГУ
899 _aЧОУНБ
899 _aNBKM
899 _aРГГУ
899 _aУОНБ
899 _aНБ ТГУ
942 _cBOOK
980 _aNB
980 _aA1SV